000 00280nam a2200109Ia 4500
001 1275971
005 20260417160438.0
008 260417s9999 xx 000 0 und d
020 _a9786258094879
245 0 _aDevrim Erbil - Sanat Ülkesi
_cDevrim Erbil
260 _bKetebe Çocuk
999 _c1275971
_d1275971